000 00824cam a2200265 a 4500
999 _c3867
_d3867
003 ALUPE UNIVERSITY COLLEGE
005 20220218091715.0
008 950613s1995 enk b 001 0 eng u
020 _a0412483505 (pbk) :
_z1565931831 (U.S.):
040 _cALUPE UNIVERSITY COLLEGE
050 4 _aRA1151
_b.L56 1995
090 0 _aRA 1151 L65 1995
_bAEU
100 1 _aLloyd, Chris.
245 1 0 _aForensic psychiatry for health professionals /
_cChris Lloyd.
250 _a1st ed.
260 _aLondon :
_bChapman & Hall,
_cc1995.
300 _axvi, 222 p. ;
_c22 cm.
336 _atext
_btxt
_2rdacontent
337 _aunmediated
_bn
_2rdamedia
338 _avolume
_bnc
_2rdacarrier
504 _aIncludes bibliographical references and index.
650 0 _aForensic psychiatry.
830 0 _v46.
942 _2ddc
_cBK
_nWO